000 02349cam a22005414i 4500
003 PE-LiUPU
005 20250731172859.0
008 170105s2003 xxua rb 001 0 eng d
020 _a0825431840
020 _a9780825431845
035 _a(Sirsi) a165869
040 _aPE-LiUPU
_bspa
_cPE-LiUPU
_erda
049 _aPRUA
082 0 4 _a231.76
_bM11
_222
100 1 _aMaalouf, Tony.
_eautor.
245 1 0 _aArabs in the shadow of Israel :
_bthe unfolding of God's prophetic plan for Ishmael's line /
_cby Tony Maalouf.
264 1 _aGrand Rapids, Mich. :
_bKregel Publications,
_cc2003.
300 _a367 páginas.
_bilustraciones ;
_c22 centimetros
336 _atext
_2rdacontent
337 _aunmediated
_2rdamedia
338 _avolume
_2rdacarrier
504 _aBibliografía :páginas 337-355.
504 _aÍndices: páginas 356-367.
505 0 _aThe unfortunate beginning (Gen. 16:1/6) -- Hagar's songs in the night (Gen. 16:7/16) -- The pursuit of destiny (Gen. 17; 21:1/21) -- The Jewish Ishmael (Gal. 4:21/31) -- Sunrise of Abraham's children -- Job, son of the Arabian desert -- Agur and Lemuel, wise men from Arabia -- What became of Ishmael? -- Arabs haunted by world powers -- The Nabataeans : Ishmael finally settled -- Arab messianic expectations -- The magi-Arab worshipers of Christ (part 1) -- The magi-Arab worshipers of Christ (part 2).
526 _aSEG42
526 _aSEG41
526 _aSEG40
526 _aSEG39
526 _aP94
526 _aP87
526 _aP86
526 _aP85
526 _aP77
526 _aP76
526 _aP35
630 0 4 _aBiblia.
_pGénesis
_xHistoria de los acontecimientos contemporáneos.
650 1 4 _aÁrabes en la Biblia.
650 2 4 _aOrigen de los árabes.
650 2 4 _aHistoria de las relaciones judío-árabes.
650 2 4 _aRelaciones judío-árabes
_xAspectos religiosos
_xCristianismo.
651 4 _aJudíos
_xHistoria.
651 4 _aPalestina
_xHistoria.
_94472
910 _ajck
942 _2ddc
_cBK
949 _a231.76 M11
_wDEWEY
_c1
_i75494
_lCATALOGING
_mBUL
_p00.00
_r0
_sY
_tBOOK
_u2017-01-05
_xTEOLOGIA
_zPOSGRADO TEOLOGÍA
_0COMPRA
_o.CIRCNOTE. El documento es de alto precio.
_o.STAFF. Colección Teología
999 _c14616
_d14616
980 _81
_gALBERTO SANCHEZ Responsable de Automatización